HSMTMTS Characters Quiz - Statistics

General Stats
  • This quiz has been taken 91 times
  • The average score is 9 of 12
Answer Stats
Picture Answer % Correct
Ricky
98%
Nini
96%
EJ
94%
Gina
93%
Big Red
87%
Carlos
82%
Kourtney
82%
Maddox
71%
Miss Jenn
69%
Val
55%
Ashley
33%
Jett
32%
No matching quizzes found
Score Distribution
Percent of People with Each Score
Percentile by Number Answered
Your Score History
You have not taken this quiz